Harmonizačný proces účtovníctva v podmienkach EÚ bakalárska práca

Saved in:
Bibliographic Details
Main Author: Bánoczký, Dušan
Corporate Author: Národohospodárska fakulta EU. Katedra financií
Other Authors: Staríčková, Zuzana
Format: Book
Language:Slovak
Published: Bratislava 2012
Tags: Add Tag
No Tags, Be the first to tag this record!

MARC

LEADER 00000nbm a2200000 4500
001 0156043
005 20161109111934.0
041 0 |a slo 
044 |a SK 
245 1 0 |a Harmonizačný proces účtovníctva v podmienkach EÚ  |b bakalárska práca  |c Dušan Bánoczký ; školiteľ: Zuzana Staríčková 
264 1 |a Bratislava  |c 2012 
300 |a 46 s. 
100 1 |a Bánoczký, Dušan 
700 1 |a Staríčková, Zuzana 
710 2 |a Národohospodárska fakulta EU. Katedra financií